Osudy banskobystrických židov v rokoch 1939-1942

Bibliographic Details
Main Author: Oravcová, Jana (Author)
Format: Article
Language:Slovak
PhysicalDescription:Tab.
ISBN:8089034632
Subjects:

MARC

LEADER 00000nab a2200000 a 4500
001 vtls008625215
003 SK-MaSNL
005 20260304223251.0
008 250505c2004 xo |r|p|||||||000 b|slo
015 |a SNBRA2006/02  |2 snkbucl 
035 |a (uuid)cef481d9-0058-4b0d-a0a9-bcdc9602c735 
035 |a urn:nbn:sk:snk-abwoz 
035 |a (urnnbn)urn:nbn:sk:snk:ar-a03nk0 
038 |a SNKBUCL 
040 |a SNKBUCL  |b slo  |c SNKBUCL  |e AACR2 
041 0 |a slo 
044 |a xo  |c SK 
080 |a 94(=411.16)  |x (437.6)  |x "1939/1942"  |2 2001 
080 |a 341.4  |x (=411.16)  |x "1939/1942"  |2 2001 
080 |a 94(100)"1939/1945":355.48  |2 2001 
080 |a 94(437.6)  |x "1939/1942"  |2 2001 
100 1 |a Oravcová, Jana  |4 aut  |9 365849 
245 1 0 |a Osudy banskobystrických židov v rokoch 1939-1942  |c Jana Oravcová 
246 3 1 |a Fates of Jewes in Banská Bystrica during years 1938-1942 
246 3 1 |a Schicksale der Juden von Banská Bystrica in den Jahren 1939-1942 
300 |b Tab. 
504 |a Bibliogr. odkazy 
648 7 |a 1939-1942  |2 snkbucl  |9 344890 
650 0 7 |a Židia  |2 snkbucl  |9 3760 
650 0 7 |a deportácie Židov  |2 snkbucl  |9 4182 
650 0 7 |a druhá svetová vojna (1939-1945)  |2 snkbucl  |9 169657 
650 0 7 |a holokaust (1939-1945)  |2 snkbucl  |9 160313 
651 7 |a Banská Bystrica (Slovensko)  |2 snkbucl  |9 22015 
773 0 |t Historické rozhľady. I/2004  |d Trnava : Katedra histórie FF UCM, 2004  |g S. 145-162  |z 8089034632 
850 |a Slovenská národná knižnica 
852 |a Slovenská národná knižnica 
954 |a odborná, vedecká literatúra pôvodná (slovenská)  |2 lita 
958 |a article27 
958 |a OND 
958 |a NB 
958 |a OS 
958 |a EUIPO 
999 |c 3167113  |d 3169043